000 00462nam a2200181Ia 4500
005 20250508151924.0
008 008 250505s9999 xx 000 0 eng d
037 _aTextual
040 _aFEDL
_beng
_cFEDL
041 _aeng
_2eng
084 _a373.5412, BIH
_qFEDL
245 0 _aPlan for secondary education in Bihar
245 0 _cBihar
260 _c1952
300 _a43p.
942 _cTEXL
_h373.5412, BIH
999 _c1332982
_d1332982